Les fruits #1 - La pomme - Statistiques

Statistiques générales
  • Ce quiz a été pris 239 fois
    200 depuis la dernière actualisation
  • Le résultat moyen est 6 sur 13
Statistiques - réponses
Informations Réponses % Correct
Plante Pommier
93%
Couleurs Rouge | Jaune | Verte | Orange
89%
Recette faite avec une pomme, à offrir à son amoureux/se Pomme d'amour
73%
Rang du fruit le plus consommé dans le monde 3
70%
Boisson la plus populaire faite à base de pommes Jus de pomme
70%
Variété de pommes qui est une des plus produite en France Golden | Gala | Granny Smith
58%
Nombre de drupes 5
57%
Pays qui en produit le plus Chine
40%
Pays qui en exporte le plus Italie
20%
Verger de la plante Pommeraie
20%
Origine Asie centrale
16%
Famille Rosaceae
6%
Espèce Malus
5%
Aucun quiz correspondant
Distribution des résultats
% des personnes avec chaque résultat
Percentile par nombre de réponses
Votre historique - résultats
Vous n’avez pas pris ce quiz depuis la dernière actualisation